| 000 | 00702cam a2200229 a 4500 | ||
|---|---|---|---|
| 001 | 000009392 | ||
| 005 | 20200929161557.0 | ||
| 008 | 920610s1977 cu 000 j spa d | ||
| 035 | _a(OCoLC)ocm25983616 | ||
| 040 |
_aDO-SdBNP _cPIT |
||
| 082 |
_aCu863.44 _bA265m |
||
| 100 | 1 |
_aAgüero, Omega, _d1940- _924176 |
|
| 245 | 1 | 3 |
_aEl muro de medio metro / _cOmega Agüero. |
| 260 |
_aLa Habana : _bUnión de Escritores y Artistas de Cuba, _c1977. |
||
| 300 |
_a115 p. ; _c18 cm. |
||
| 490 | 1 |
_aManjuarí _aCuento |
|
| 650 | 4 |
_aCuentos cubanos _91482 |
|
| 650 | 4 |
_aLiteratura cubana _ySIGLO XX _99186 |
|
| 830 | 0 |
_aManjuarí ; _pCuento _921701 |
|
| 910 | _aCatalogación por copia / Oxford | ||
| 049 | _aBNGR | ||
| 999 |
_c9152 _d9152 |
||